| 000 | 00621nam a2200193Ia 4500 | ||
|---|---|---|---|
| 008 | 140626s9999 xx 000 0 und d | ||
| 100 | _aTaylor, Steven. | ||
| 245 |
_aBiophysical etiology of obsessions and compulsions : _ban integrated behavioral-genetic and cognitive-behavioral analysis / _cSteven Taylor ... [et al.]. |
||
| 260 | _cc2011. | ||
| 300 | _a120 : 1, page 174 | ||
| 440 | _aJournal of Abnormal Psychology | ||
| 521 | _aPSYCH | ||
| 650 | _aCompulsions. | ||
| 650 | _aDysfunctional beliefs. | ||
| 650 | _aObsessions. | ||
| 650 | _aObsessive-compulsive disorder. | ||
| 650 | _aTwins. | ||
| 942 | _cSE | ||
| 999 |
_c121272 _d121272 |
||